Κείμενα κριτικής για την νεοελληνική λογοτεχνία

Αποθηκεύτηκε σε:
Λεπτομέρειες βιβλιογραφικής εγγραφής
Κύριος συγγραφέας: Λαδογιάννη-Τζούφη, Γεωργία
Μορφή: Βιβλίο
Γλώσσα:Greek
Δημοσίευση: Αθήνα : Ελληνικά Γράμματα, 1995
Θέματα:
Ετικέτες: Προσθήκη ετικέτας
Δεν υπάρχουν, Καταχωρήστε ετικέτα πρώτοι!

MARC

LEADER 00000nam a2200000 i 4500
001 1/73654
008 990318s1995 gre d
020 |a 960-344-141-4 
035 |l 10048860 
040 |a GR-MY-UA  |b gre  |e aacr 
041 0 |a gre 
082 0 |a 889.01 
100 1 |a Λαδογιάννη-Τζούφη, Γεωργία. 
245 1 0 |a Κείμενα κριτικής για την νεοελληνική λογοτεχνία /  |c Γεωργία Λαδογιάννη 
260 |a Αθήνα :   |b Ελληνικά Γράμματα,   |c 1995 
300 |a 235 σ. 
650 0 0 |a Greek literature, Modern  |y 20th century  |x History and criticism. 
852 |a INST  |b RHODES  |e 19990318  |h 889.01 ΛΑΔ  |p 005400015438  |q 005400015438  |t BK  |y 0 
901 |a BIBL-1999-1 
909 |a Ρ  |b 064330  |c 1995 
922 |a 4ΔΩΡ  |b 199903 
970 |z 2000/06/ΟΙΚΟΝΟΜΟΠΟΥΛΟΥ (SUBJECT)